Temps géologique du Précambrien au paléozoïque - Statistiques

Statistiques générales
  • Ce quiz a été pris 17 fois
  • Le résultat moyen est 12 sur 28
Statistiques - réponses
Réponse % Correct
Cambrien
100%
Carbonifère
79%
Ordovicien
79%
Dévonien
71%
Paléozoïque
71%
Permien
71%
Silurien
71%
Archéen
64%
Protérozoïque
64%
Hadéen
57%
Phanérozoïque
57%
Mésoarchéen
43%
Néoarchéen
43%
Paléoarchéen
43%
Paléoprotérozoïque
43%
Mésoprotérozoïque
36%
Néoprotérozoïque
36%
252
29%
Eoarchéen
29%
2500
21%
299
14%
359
14%
420
14%
443
14%
486
14%
538
14%
4567
7%
4031
0%
Aucun quiz correspondant
Distribution des résultats
% des personnes avec chaque résultat
Percentile par nombre de réponses
Votre historique - résultats
Vous n’avez pas pris ce quiz